• 首页
  • 本馆介绍
  • 公告通知
  • 最新文献
  • 馆藏检索
  • 电子资源
  • 读者导购
  • 参考咨询
  • 我的图书馆
  • 登录
  • 详细信息显示
  • 放入我的书架
  • 预约/预借图书
  • 作者相关作品
  • 分类相关作品
  • 丛书相关作品
  • 出版社相关作品

书目信息

  • 表格格式
  • 工作单格式
  • 卡片格式
题名:
中国
    
 
作者: ;"中国"画册编辑委员会 编辑
分册:  
出版信息: "中国"画册编辑委员会    1959
页数: 543页
开本: 38cm
丛书名:
单 册:
中图分类: J421.71
科图分类:
主题词: 摄影艺术--中国
电子资源:
ISBN:
000 00566nam0 2200169 450
001 0734026045
005 20071102094020.62
100    @a20071102d1959 km y0chiy0120 ea
101 0  @achi
200 1  @a中国@Azhong guo@f"中国"画册编辑委员会编辑@F"zhong guo"hua ce bian ji wei yuan hui bian ji
210    @a"中国"画册编辑委员会@d1959
215    @a543页@d38cm
606 0  @a摄影艺术@x中国
690    @aJ421.71@v4
711 02 @a"中国"画册编辑委员会@A"zhong guo"hua ce bian ji wei yuan hui@4编辑
801  0 @aCN@b大连网信软件有限公司图书馆·11@c20071102
905    @aZUCC@dJ421.71@e231
    
    中国/"中国"画册编辑委员会编辑.-"中国"画册编辑委员会,1959
    543页;38cm
    
    
    ISBN :
    
●
相关链接 在E读中查询图书 在五车中查询图书 在当当中查询图书 在豆瓣中查询图书


正题名:中国     索取号:J421.71/231         预约/预借

序号 登录号 条形码 馆藏地/架位号 状态 备注
1 0786466   207864667   古籍典藏专区/ [索取号:J421.71/231] 在馆    
唐山师范学院图书馆 欢迎您!
大连网信软件有限公司© 版权所有